Rozpoznaj samochód po małym fragmencie - Statystyki

Ogólne statystyki
  • Ten quiz został rozwiązany 24 razy
  • Średni wynik to 8 z 20
Statystyki odpowiedzi
Obrazkowy Odpowiedź % Poprawnych
Volkswagen Golf II
100%
Nissan Juke
95%
Citroen C4 Cactus
85%
Ford Fiesta
85%
Alfa Romeo Giulia
75%
Pagani Huayra
65%
BMW M3
60%
Aston Martin DB5
50%
Lamborghini LM002
35%
Lynk & Co 03
35%
Toyota Hilux
25%
Aston Martin Cygnet
20%
Dodge Ram 1500
20%
Gordon Murray Automotive T.50
20%
Mercedes A45 AMG
20%
Cadillac Eldorado
15%
Ferrari Portofino
15%
Honda Civic
10%
Skoda Octavia
5%
Cupra Tavascan
0%
Nie znaleziono quizów pasujących do podanych kryteriów
Rozkład punktacji
Procent ludzi z każdym wynikiem
Percentyl według liczby udzielonych odpowiedzi
Twoja historia wyników
Nie rozwiązałeś tego quizu